| 000 | 00978cam a22002654a 4500 | ||
|---|---|---|---|
| 001 | 14534040 | ||
| 005 | 20070212112814.0 | ||
| 008 | 060905s2007 maua b 001 0 eng | ||
| 010 | _a 2006282071 | ||
| 020 | _a0205482643 | ||
| 040 |
_aDLC _cDLC _dDLC |
||
| 042 | _apcc | ||
| 050 | 0 | 0 |
_aHN17.5 _b.K457 2007 |
| 082 | 0 | 0 |
_a361.1 _222 _bKEN |
| 100 | 1 |
_aKendall, Diana Elizabeth. _95025 |
|
| 245 | 1 | 0 |
_aSocial problems / _cDiana Kendall. _bIn a diverse society : |
| 250 | _a4th ed. | ||
| 260 |
_aBoston, MA : _bPearson A & B, _cc2007. |
||
| 300 |
_axxii, 472 p. : _bcol. ill. ; _c26 cm. |
||
| 504 | _aIncludes bibliographical references and indexes. | ||
| 650 | 0 |
_aSocial problems. _95026 |
|
| 942 |
_2ddc _cBB |
||
| 999 |
_c11593 _d11593 |
||